| 000 | 00837nam a22002657a 4500 | ||
|---|---|---|---|
| 999 |
_c12596 _d12596 |
||
| 003 | AR-CdUCM | ||
| 008 | 190409b ||||| |||| 00| 0 spa d | ||
| 020 | _a84-205-0551-X | ||
| 020 | _a84-205-0040-2 | ||
| 040 |
_aMUNICIPALIDAD PROVINCIAL DEL CUSCO _cBIBLIOTECA MUNICIPAL DEL CUSCO |
||
| 041 | _heng | ||
| 082 |
_25ed. _aES / 428 / _bF55 |
||
| 100 |
_aFitzgibbon, J. O. _930507 |
||
| 245 | _aEnglish made easy / | ||
| 260 |
_aMadrid : _bAlhambra, _c1979. |
||
| 300 |
_a62 paginas ; _bIlustraciones, Graficos, Dibujos, _c24 cm. |
||
| 500 | _aTexto educativo en ingles | ||
| 505 | _aContenido: Texto para estudiantes en ingles | ||
| 650 |
_aTexto educativo _925832 |
||
| 650 |
_aCuaderno de trabajo _911620 |
||
| 650 |
_aEducación _9460 |
||
| 700 |
_aBadillo, Angel _930508 |
||
| 942 |
_2ddc _cLIBROS |
||
| 945 |
_apjha _d2019-04-09 |
||